Statistics for Universities with religious affiliation (U.S.)

Click here to take the quiz!

General Stats

  • This quiz has been taken 68 times
  • The average score is 8 of 15

Answer Stats

HintAnswer% Correct
University of Notre DameCatholic
98%
Brigham Young UniversityMormon
91%
Yeshiva UniversityJewish
88%
Southern ______ University in Dallas, TXMethodist
88%
Boston CollegeCatholic
73%
Georgetown UniversityCatholic
71%
Baylor UniversityBaptist
57%
Wittenberg UniversityLutheran
55%
Brandeis UniversityJewish
46%
Ouachita ______ University in ArkansasBaptist
46%
Concordia University WisconsinLutheran
39%
Duke UniversityMethodist
34%
University of DubuquePresbyterian
14%
Kenyon CollegeEpiscopalian
11%
Bard CollegeEpiscopalian
7%

Score Distribution

Percentile by Number Answered

Percent of People with Each Score

Your Score History

You have not taken this quiz